000 00316 a2200157 4500
001 62751
020 _a9788561384326
040 _cAnchieta - Pituba
100 _aGordon, Rodorick
240 1 0 _aTúneis
_lpor
245 1 0 _aTúneis
300 _a478
362 0 _a2007
650 4 _aFicção inglesa
942 _cBK
999 _c62751
_d62751